| 000 | 01077nam a2200301 i 4500 | ||
|---|---|---|---|
| 001 | 83266 | ||
| 003 | ES-MaACL | ||
| 005 | 20251009133434.0 | ||
| 007 | t| | ||
| 008 | 041116s1980 sp ||||1| spa d | ||
| 017 |
_aM 31907-1980 _bOficina Depósito Legal Madrid |
||
| 040 | _cES-MaACL | ||
| 245 | 0 | 4 |
_aLos intelectuales y la sociedad actual / _cJosé Jiménez... [et al.]. |
| 260 |
_aMadrid : _bFundación de Investigaciones Marxistas, _c[1980] |
||
| 300 |
_a44 páginas ; _c21 x 30 cm. |
||
| 500 | _aEjemplar fotocopiado. | ||
| 650 | 4 |
_914803 _aMarxismo |
|
| 650 | 7 |
_2embne _911230 _aComunismo e intelectuales |
|
| 700 | 1 |
_aJiménez, José. _966414 _eaut |
|
| 700 | 1 |
_aLacalle, Daniel, _d1939-2025 _eaut _9159612 |
|
| 700 | 1 |
_aVázquez Montalbán, Manuel, _9113463 _d1939- _eaut |
|
| 700 | 1 |
_aSartorius, Nicolás _9103894 _eaut |
|
| 700 | 1 |
_aRibó, Rafael _996826 _eaut |
|
| 852 |
_aES-MaACL _jL-12843 _bR.115138 _986334 _cDEPO2 _xEncuadernación en grapa |
||
| 942 |
_cFOLLETOS _n0 |
||
| 999 |
_c83266 _d83266 |
||